000 00560nam a2200229Ia 4500
003 OSt
005 20220924135528.0
006 a|||||r|||| 00| 0
007 ta
008 220923b |||||||| |||| 00| 0 ben d
024 _a291571
037 _cTextual
040 _aARTS
_cARTS
_bben
041 _2ben
_aben
082 _aO157,1JVI,1, J0
100 _aVipradasa
_9210456
245 0 _aManasavijaya
260 _c1950
650 _aBENGALI LITERATURE
942 _hO157,1JVI,1, J0
_cTEXL
_2CC
999 _c441033
_d441033